Groups of Four - Geography - Statistics

General Stats
  • This quiz has been taken 7,728 times
    7,676 since last reset
  • The average score is 17 of 24
Answer Stats
Answer % Correct
United States
99%
England
98%
Scotland
98%
Wales
98%
France
95%
Lithuania
93%
Estonia
92%
Northern Ireland
92%
Russia
92%
Japan
89%
Honduras
87%
Mexico
87%
Belize
85%
El Salvador
85%
China
83%
Belarus
81%
Honshu
62%
Stratosphere
56%
Hokkaido
53%
Kyushu
32%
Troposphere
25%
Shikoku
24%
Mesosphere
17%
Thermosphere
10%
No matching quizzes found
Score Distribution
Percent of People with Each Score
Percentile by Number Answered
Your Score History
You have not taken this quiz since the last reset